000 01722nam a22004217a 4500
003 CHAP
005 20230517105318.0
008 120704s2012 mx r 00010 spa d
010 _a103492
011 _a104464
035 _a115154
040 _cCHAP
090 _aTesis
100 1 _aAguilar Toala, Jose Eleazar.
_92864
245 1 0 _aDeterminación de la capacidad antioxidante de péptidos y polifenoles bioactivos de quesos artesanales mexicanos (quesos frescos y cocido de Sonora y crema de Chiapas)
_h[En línea]
_c/por José Eleazar Aguilar Toalá
260 _aChapingo, Méx. :
_bEl autor,
_c2012
500 _aPara ver el contenido del material haga clic en la liga
502 _aTesis (Ing. Agr. Esp. en Ingeniería Agroindustrial) <U+2013> UACH. Departamento de Ingeniería Agroindustrial
590 _aALEPH
_b10
_c20130110
_lUCH01
_h1545
590 _aBATCH-UPD
_b10
_c20130110
_lUCH01
_h1534
590 _aBATCH-UPD
_b10
_c20130410
_lUCH01
_h0940
590 _aBATCH-UPD
_b10
_c20130914
_lUCH01
_h1906
590 _aBATCH-UPD
_b10
_c20140324
_lUCH01
_h1531
590 _aBATCH-UPD
_b10
_c20141002
_lUCH01
_h0853
590 _aBATCH
_b00
_c20181121
_lUCH01
_h0758
590 _aCONVERSION
_b10
_c20130109
_lUCH01
_h1357
650 0 4 _aAntioxidantes.
_96070
650 0 4 _aPéptidos
_986949
650 0 4 _aQueso crema
_zChiapas.
_993241
650 0 4 _aQueso fresco
_993245
650 0 4 _aQueso
_xAnálisis.
_993222
856 _3Finding aid
_uhttp://10.13.5.2/tesis/115154.pdf
_zTeclea aqui
856 _a1
_n0000115
901 _aBK
942 _cFOLL
949 _aTesis
_bBC
_cTES
_d33724002339743
_eTS1
_gDonaciØn
_h53533
_i115154
_st
949 _aTesis
_bBC
_cTES
_d33724002339785
_eTS2
_fc.2
_gDonaciØn
_h53534
_i115154
_st
999 _c103492
_d103492